<?xml version="1.0" encoding="UTF-8"?>
<record
    xmlns:xsi="http://www.w3.org/2001/XMLSchema-instance"
    xsi:schemaLocation="http://www.loc.gov/MARC21/slim http://www.loc.gov/standards/marcxml/schema/MARC21slim.xsd"
    xmlns="http://www.loc.gov/MARC21/slim">

  <leader>01386nam a2200217   4500</leader>
  <controlfield tag="003">DO-SdBNP</controlfield>
  <controlfield tag="005">20220811123042.0</controlfield>
  <controlfield tag="008">210517b           ||||| |||| 00| 0 eng d</controlfield>
  <datafield tag="040" ind1=" " ind2="4">
    <subfield code="a">DO-SdBNP</subfield>
    <subfield code="b">spa</subfield>
    <subfield code="c">BNPHU</subfield>
  </datafield>
  <datafield tag="082" ind1=" " ind2="4">
    <subfield code="a">922.2 </subfield>
    <subfield code="b">P762b</subfield>
    <subfield code="2">22</subfield>
  </datafield>
  <datafield tag="100" ind1="1" ind2=" ">
    <subfield code="a">Palomo Iglesias O.P. , P. Crescencio</subfield>
    <subfield code="9">78701</subfield>
  </datafield>
  <datafield tag="245" ind1="0" ind2="1">
    <subfield code="a">Biograf&#xED;a de la sierva de Dios Mar&#xED;a de las Mercedes Cabeza Terrero :   </subfield>
    <subfield code="b">fundadora de las operarias misioneras del Sagrado Coraz&#xF3;n de Jes&#xFA;s /</subfield>
    <subfield code="c">P. Crescencio Palomo Iglesias O.P.,</subfield>
  </datafield>
  <datafield tag="260" ind1="2" ind2=" ">
    <subfield code="a">Santo Domingo :</subfield>
    <subfield code="b">Amigo del  Hogar,</subfield>
    <subfield code="c">2009.</subfield>
  </datafield>
  <datafield tag="300" ind1=" " ind2=" ">
    <subfield code="a">100 p. :</subfield>
    <subfield code="b">il. ;</subfield>
    <subfield code="c">22 cm</subfield>
  </datafield>
  <datafield tag="505" ind1=" " ind2=" ">
    <subfield code="a">Pr&#xF3;logo --</subfield>
    <subfield code="t">La familia de M. Mercedes --</subfield>
    <subfield code="t">La juventud --</subfield>
    <subfield code="t">Larga y penosa enfermedad -- </subfield>
    <subfield code="t">Curaci&#xF3;n milagrosa --</subfield>
    <subfield code="t">El se&#xF1;or la quiere para una cosa nueva, para una fundaci&#xF3;n -- </subfield>
    <subfield code="t">En las religiosas de Mar&#xED;a Inmaculada o del servicio dom&#xE9;stico --</subfield>
    <subfield code="t">De nuevo en el mundo --</subfield>
    <subfield code="t">Fundaci&#xF3;n de las Operarias Misioneras del Sagrado Coraz&#xF3;n --</subfield>
    <subfield code="t">Expansi&#xF3;n de las Operarias Misioneras del Sagrado Coraz&#xF3;n --</subfield>
    <subfield code="t">El fin de su vida terrena --</subfield>
    <subfield code="t">Despu&#xE9;s de la muerte --</subfield>
    <subfield code="t">Fuentes --</subfield>
    <subfield code="t">Fechas importantes en la vida d Mar&#xED;a Mercedes.</subfield>
  </datafield>
  <datafield tag="590" ind1=" " ind2=" ">
    <subfield code="a">Inventariado, 2021 /SA</subfield>
  </datafield>
  <datafield tag="600" ind1="1" ind2="4">
    <subfield code="a">Cabezas Terrero, Maria de las Mercedes</subfield>
    <subfield code="d">1911-1993</subfield>
    <subfield code="9">81469</subfield>
  </datafield>
  <datafield tag="650" ind1=" " ind2="4">
    <subfield code="9">42125</subfield>
    <subfield code="a">Misioneras en el cristianismo</subfield>
    <subfield code="z">Espa&#xF1;a</subfield>
    <subfield code="v">Biograf&#xED;as</subfield>
  </datafield>
  <datafield tag="910" ind1=" " ind2=" ">
    <subfield code="a">SA/Validado. Control de calidad MFF</subfield>
  </datafield>
  <datafield tag="942" ind1=" " ind2=" ">
    <subfield code="2">ddc</subfield>
    <subfield code="c">LBS1</subfield>
  </datafield>
  <datafield tag="952" ind1=" " ind2=" ">
    <subfield code="0">0</subfield>
    <subfield code="1">0</subfield>
    <subfield code="2">ddc</subfield>
    <subfield code="5">1</subfield>
    <subfield code="7">0</subfield>
    <subfield code="8">PD</subfield>
    <subfield code="a">BNPHU</subfield>
    <subfield code="b">BNPHU</subfield>
    <subfield code="c">HD</subfield>
    <subfield code="d">2021-05-17</subfield>
    <subfield code="e">Deposito Legal</subfield>
    <subfield code="o">BNPHU PD 922.2  C114p</subfield>
    <subfield code="p">2021-1730</subfield>
    <subfield code="r">2021-05-17</subfield>
    <subfield code="w">2021-05-17</subfield>
    <subfield code="y">LBS1</subfield>
  </datafield>
  <datafield tag="999" ind1=" " ind2=" ">
    <subfield code="c">49817</subfield>
    <subfield code="d">49817</subfield>
  </datafield>
</record>
